<?xml version="1.0" encoding="UTF-8"?><?xml-stylesheet type="text/xsl" href="static/style.xsl"?><OAI-PMH xmlns="http://www.openarchives.org/OAI/2.0/" xmlns:xsi="http://www.w3.org/2001/XMLSchema-instance" xsi:schemaLocation="http://www.openarchives.org/OAI/2.0/ http://www.openarchives.org/OAI/2.0/OAI-PMH.xsd"><responseDate>2026-06-03T08:21:36Z</responseDate><request verb="GetRecord" identifier="oai:riuma.uma.es:10630/2529" metadataPrefix="marc">https://riuma.uma.es/rest/oai/request</request><GetRecord><record><header><identifier>oai:riuma.uma.es:10630/2529</identifier><datestamp>2026-02-03T12:41:26Z</datestamp><setSpec>com_10630_2254</setSpec><setSpec>col_10630_37957</setSpec></header><metadata><record xmlns="http://www.loc.gov/MARC21/slim" xmlns:dcterms="http://purl.org/dc/terms/" xmlns:doc="http://www.lyncode.com/xoai" xmlns:xsi="http://www.w3.org/2001/XMLSchema-instance" xsi:schemaLocation="http://www.loc.gov/MARC21/slim http://www.loc.gov/standards/marcxml/schema/MARC21slim.xsd">
   <leader>00925njm 22002777a 4500</leader>
   <datafield ind2=" " ind1=" " tag="042">
      <subfield code="a">dc</subfield>
   </datafield>
   <datafield ind2=" " ind1=" " tag="720">
      <subfield code="a">Martín Ortiz, Laura</subfield>
      <subfield code="e">author</subfield>
   </datafield>
   <datafield ind2=" " ind1=" " tag="260">
      <subfield code="c">2006</subfield>
   </datafield>
   <datafield ind2=" " ind1=" " tag="520">
      <subfield code="a">El trabajo de investigación desarrollado y expuesto en la presente memoria de Tesis Doctoral, muestra una nueva metodología sintética, basada en la química de los iluros de azufre, bien estudiada en el grupo de investigación Diseño y Síntesis de Fármacos del Departamento de Química Orgánica de la Facultad de Ciencias, dirigida hacia la síntesis de antibióticos complejos tipo nucleósido, como son las Liposidomicinas y Muraimicinas, así como de productos análogos y relacionados a ellos, Caprazamicinas y FR-900493,respectivamente.</subfield>
   </datafield>
   <datafield ind1="8" ind2=" " tag="024">
      <subfield code="a">9788469057735</subfield>
   </datafield>
   <datafield ind1="8" ind2=" " tag="024">
      <subfield code="a">http://hdl.handle.net/10630/2529</subfield>
   </datafield>
   <datafield tag="653" ind2=" " ind1=" ">
      <subfield code="a">Antibióticos - Tesis doctorales</subfield>
   </datafield>
   <datafield ind2="0" ind1="0" tag="245">
      <subfield code="a">Explorando la química de los iluros de azufre en la síntesis de antibióticos tipo nucleósido: aproximación sintética de liposidomicinas y muraimicinas</subfield>
   </datafield>
</record>
</metadata></record></GetRecord></OAI-PMH>